A casa de Petrodava (Record no. 46292)
[ view plain ]
| 000 -Etiqueta do registo | |
|---|---|
| Valores | 00609cam a2200205 04500 |
| 100 ## - Dados gerais de processamento | |
| Dados gerais | 19951012d1968 km y0pory5003 ba |
| 101 1# - Língua de publicação | |
| Língua | por |
| 102 ## - País de publicação | |
| País | PT |
| 200 1# - Titulo e menção de responsabilidade | |
| Título próprio | A casa de Petrodava |
| Informação de outro título | romance |
| Primeira menção de responsabilidade | C. Virgil Gheorghiu |
| Outras menções de responsabilidade | trad. de António Fernandes |
| 205 ## - Menção da edição | |
| Edição | 3.ª ed. |
| 210 #9 - Publicação | |
| Local de publicação | Lisboa |
| Nome do editor | Livraria Bertrand, |
| Data de publicação | [D.L. 1968] |
| 215 ## - Descrição física | |
| Paginação / Volumes | 315 p., 2 f. |
| Dimensões | 19 cm |
| 304 ## - Nota relativa ao título | |
| Texto de nota | Tit. orig.: La maison de Petrodava |
| 675 ## - CDU | |
| Notação | 821.135.1-31"19" |
| Edição | BN |
| Língua | por |
| 700 #1 - Autor principal | |
| Apelido | Gheorghiu, |
| Nome | C. Virgil, |
| Datas | 1916-1992 |
| 702 #1 - Autor secundário | |
| ID Autoridade | 7 |
| Apelido | Fernandes, |
| Nome | António |
| Função | 730 |
| 801 #0 - Fonte de origem | |
| País | PT |
| Agência | BN |
| Regras de catalogação | RPC |
| 990 ## - Elementos KOHA | |
| Tipo de documento | Livro |
| Aquisição | Empréstimo | Código de barras | Cota | Permissão de empréstimo | Tipo de documento | Nota relativa ao exemplar |
|---|---|---|---|---|---|---|
| Biblioteca Municipal de Redondo | Biblioteca Municipal de Redondo | 057406 | 821.135.1-3 GHE | Livro | oferta de Franklim Amaro Cabreirinha |